| 000 | 004190000a22001570004500 | ||
|---|---|---|---|
| 001 | 002079 | ||
| 003 | MACL | ||
| 040 | _aMACL | ||
| 090 |
_c14072 _d14071 |
||
| 100 | _aRanganathananda, Swami | ||
| 245 |
_aBhagavad Gita _bAn Exposition Of Gita In The Light Of Morden Thought And Modern Needs Vol 2 _cSwami Ranganathananda |
||
| 260 |
_aAdvaita Ahrama, _c2001 |
||
| 350 | _a120 | ||
| 650 | _aReligion | ||
| 942 |
_k295 _cBook |
||
| 999 |
_c13995 _d13995 |
||